000 00357nam a2200133Ia 4500
008 240624s9999 xx 000 0 und d
041 _aeng
082 _a394.1 BAN
100 _aBANERJI CHITRITA
245 _aEATING INDIA EXPLORING A NATION S CUISIN
260 _c2008
_aNew Delhi
_bPenguin Books
300 _axxi, : 329 : p. : cm. ; 19
365 _cRS
_b15
999 _c14576
_d14576